000 00582nam a2200217 a 4500
001 BRCA_5628
005 20190320205147.0
008 210211m19181920nyua######---#000-0#eng-#
041 _aeng
044 _anyu
050 4 _aNK2559
_b.I83 1920
245 1 0 _aItalian furniture and interiors.
260 _aNueva York
_bW. Helburn
_c1920
300 _a2 v.
_bil., 200 láminas
_c36 cm.
500 _aIncluye índice de láminas
500 _aF106
650 1 4 _aMuebles italianos
_914337
650 1 4 _aDecoración y ornamentación
_zItalia
_914338
902 _aGFM
942 _2lcc
_cB
999 _c5322
_d5322